Social Marketing and Public Health : (Record no. 617579)

MARC details
000 -LEADER
fixed length control field 00525nam a2200193 a 4500
008 - FIXED-LENGTH DATA ELEMENTS--GENERAL INFORMATION
fixed length control field 260311s2010##################000#0#eng##
020 ## - INTERNATIONAL STANDARD BOOK NUMBER
ISBN 9780199550692
082 04 - DEWEY DECIMAL CLASSIFICATION NUMBER
Classification number 362.1
Item number FRE
100 1# - MAIN ENTRY--AUTHOR NAME
Personal name French, Jeff,
245 10 - TITLE STATEMENT
Title Social Marketing and Public Health :
260 ## - PUBLICATION, DISTRIBUTION, ETC. (IMPRINT)
Name of publisher Oxford University Press, USA,
Year of publication 2010.
300 ## - PHYSICAL DESCRIPTION
Number of Pages 366 pages
650 #0 - SUBJECT ADDED ENTRY--TOPICAL TERM
Topical Term Business & Economics.
942 ## - ADDED ENTRY ELEMENTS (KOHA)
Koha item type English Books
Holdings
Withdrawn status Lost status Damaged status Not for loan Home library Current library Shelving location Date acquired Full call number Accession Number Price effective from Koha item type
        Anna Centenary Library Anna Centenary Library 4TH FLOOR, A WING 11.03.2026 362.1 FRE 141097 11.03.2026 English Books

Find us on the map